000 00619nam a2200205Ia 4500
003 GCL
008 140319s9999 xx 000 0 ara d
040 _aGCL /
_cGCL
082 0 4 _a823
_bم ف
100 1 _aفؤاد كامل (مترجم)
245 1 0 _aالفتاة الايطالية : رواية /
_cفؤاد كامل (مترجم)
700 1 _aمردوخ , ايريس
300 _a208 ص
490 _a
650 0 4 _aالادب
650 0 4 _aالقصص الانجليزية
650 0 4 _aالادب الانجليزى المترجم
650 0 4 _aالادب العالمى المترجم
942 _2ddc
_cBK
999 _c41166
_d41166